| 000 | 00631nam a22001937a 4500 | ||
|---|---|---|---|
| 008 | 131112b xxu||||| |||| 00| 0 ger d | ||
| 020 | _a3854283601 | ||
| 041 | 0 | _ager | |
| 080 | _a336.748.12 | ||
| 100 | 1 | _aWehinger, Gert | |
| 245 | 1 | 0 |
_aHohe und chronische inflation : _cGert Wehinger |
| 260 |
_aWien : _bService Fachverlag ; _c1996. |
||
| 300 |
_a458 f. : _c24 cm. |
||
| 490 | _aForschungsergebnisse der wirtschaftsyniversitat wien | ||
| 500 | _aVorwort : f. 9-10 | ||
| 505 | _aLiteraturverzeichnis : f. 437-458 | ||
| 650 | 0 | _aInflacioni | |
| 942 |
_2udc _cBK |
||
| 999 |
_c272 _d272 |
||